| 000 | 00644nam a22001937a 4500 | ||
|---|---|---|---|
| 999 |
_c15167 _d15167 |
||
| 003 | OSt | ||
| 082 | _2631.7 ARJ/IM | ||
| 088 | _aP 288 | ||
| 100 |
_aARJUN PRAKASH K. V _93594 |
||
| 245 | _aImprovement of roof water purification system | ||
| 260 |
_aTavanur 2014 _bDepartment of Land and Water Resources & Conservation Engineering |
||
| 300 | _a50 | ||
| 500 | _aImprovement of roof water purification system | ||
| 520 | _aImprovement of roof water purification system | ||
| 700 |
_aAthira T _93722 |
||
| 700 |
_aDr. Sathian K. K (Guide) _93449 |
||
| 856 | _uhttps://drive.google.com/open?id=1bKqnU8k-242UOJuYKaYJKQqH89unLDQb | ||
| 942 | _cPR | ||